[Event "DVM U14 2023"]
[Site "Magdeburg GER"]
[Date "2023.12.28"]
[Round "4"]
[White "Sommer, Justus"]
[Black "Marcziter, Alex"]
[Result "1-0"]
[Termination "normal"]
[Board "1.1"]
[WhiteElo "2108"]
[BlackElo "1843"]
[WhiteClock "00:15:03"]
[BlackClock "00:56:59"]
[WhiteTeam "Lübecker SV 1873"]
[BlackTeam "SG Porz"]
[PlyCount "101"]
[WhiteFideId "16245008"]
[BlackFideId "16258126"]
[EventCountry "GER"]
[EventRounds "7"]
[EventType "team-swiss"]
[EventDate "2023.12.26"]

1. e4 {[%clk 01:30:55]} {[%emt 00:00:03]} e5 {[%clk 01:30:47]} {[%emt
00:00:13]} 2. Nf3 {[%clk 01:31:16]} {[%emt 00:00:08]} Nc6 {[%clk 01:30:59]}
{[%emt 00:00:20]} 3. Bb5 {[%clk 01:31:18]} {[%emt 00:00:26]} a6 {[%clk
01:30:56]} {[%emt 00:00:35]} 4. Ba4 {[%clk 01:31:36]} {[%emt 00:00:11]} Nf6
{[%clk 01:30:48]} {[%emt 00:00:38]} 5. O-O {[%clk 01:31:28]} {[%emt 00:00:37]}
b5 {[%clk 01:30:39]} {[%emt 00:00:41]} 6. Bb3 {[%clk 01:31:48]} {[%emt
00:00:09]} Be7 {[%clk 01:30:18]} {[%emt 00:00:51]} 7. Re1 {[%clk 01:31:48]}
{[%emt 00:00:30]} d6 {[%clk 01:30:03]} {[%emt 00:00:46]} 8. c3 {[%clk
01:31:55]} {[%emt 00:00:22]} Bg4 {[%clk 01:27:40]} {[%emt 00:02:54]} 9. h3
{[%clk 01:26:21]} {[%emt 00:06:03]} Bh5 {[%clk 01:26:15]} {[%emt 00:01:56]} 10.
d3 {[%clk 01:21:02]} {[%emt 00:05:48]} O-O {[%clk 01:25:03]} {[%emt 00:01:43]}
11. Nbd2 {[%clk 01:20:51]} {[%emt 00:00:40]} Na5 {[%clk 01:22:43]} {[%emt
00:02:50]} 12. Bc2 {[%clk 01:21:10]} {[%emt 00:00:11]} c5 {[%clk 01:21:06]}
{[%emt 00:02:08]} 13. Nf1 {[%clk 01:20:51]} {[%emt 00:00:48]} Nc6 {[%clk
01:18:34]} {[%emt 00:03:02]} 14. Ng3 {[%clk 01:17:05]} {[%emt 00:04:16]} Bg6
{[%clk 01:17:59]} {[%emt 00:01:05]} 15. Nh4 {[%clk 01:12:29]} {[%emt 00:05:06]}
Re8 {[%clk 01:16:11]} {[%emt 00:02:18]} 16. Nhf5 {[%clk 01:05:57]} {[%emt
00:07:02]} h6 {[%clk 01:12:58]} {[%emt 00:03:44]} 17. Qf3 {[%clk 01:00:07]}
{[%emt 00:06:18]} Bf8 {[%clk 01:10:21]} {[%emt 00:03:09]} 18. Be3 {[%clk
00:55:27]} {[%emt 00:05:07]} Nd7 {[%clk 01:04:56]} {[%emt 00:05:57]} 19. Rad1
{[%clk 00:50:39]} {[%emt 00:05:17]} Qf6 {[%clk 01:02:58]} {[%emt 00:02:29]} 20.
Qg4 {[%clk 00:46:15]} {[%emt 00:04:53]} Rad8 {[%clk 00:59:25]} {[%emt
00:04:04]} 21. Rd2 {[%clk 00:32:53]} {[%emt 00:13:52]} Ne7 {[%clk 00:58:31]}
{[%emt 00:01:24]} 22. d4 {[%clk 00:31:42]} {[%emt 00:01:42]} cxd4 {[%clk
00:56:00]} {[%emt 00:03:01]} 23. cxd4 {[%clk 00:31:53]} {[%emt 00:00:19]} d5
{[%clk 00:47:19]} {[%emt 00:09:11]} 24. Nxe7+ {[%clk 00:23:11]} {[%emt
00:09:12]} Rxe7 {[%clk 00:45:46]} {[%emt 00:02:02]} 25. Qd1 {[%clk 00:19:12]}
{[%emt 00:04:29]} Ree8 {[%clk 00:42:55]} {[%emt 00:03:21]} 26. a3 {[%clk
00:19:11]} {[%emt 00:00:32]} dxe4 {[%clk 00:39:40]} {[%emt 00:03:46]} 27. Nxe4
{[%clk 00:18:23]} {[%emt 00:01:16]} Qe7 {[%clk 00:39:06]} {[%emt 00:01:04]} 28.
d5 {[%clk 00:17:19]} {[%emt 00:01:34]} Bxe4 {[%clk 00:37:05]} {[%emt 00:02:32]}
29. Bxe4 {[%clk 00:17:04]} {[%emt 00:00:44]} Nf6 {[%clk 00:37:28]} {[%emt
00:00:07]} 30. f3 {[%clk 00:15:57]} {[%emt 00:01:38]} Qd6 {[%clk 00:37:10]}
{[%emt 00:00:47]} 31. b4 {[%clk 00:13:38]} {[%emt 00:02:49]} Nd7 {[%clk
00:36:53]} {[%emt 00:00:47]} 32. Rc2 {[%clk 00:12:36]} {[%emt 00:01:32]} Rc8
{[%clk 00:36:51]} {[%emt 00:00:33]} 33. Rc6 {[%clk 00:10:08]} {[%emt 00:02:57]}
Rxc6 {[%clk 00:36:20]} {[%emt 00:01:02]} 34. dxc6 {[%clk 00:10:31]} {[%emt
00:00:07]} Nf6 {[%clk 00:36:44]} {[%emt 00:00:05]} 35. Qc2 {[%clk 00:08:52]}
{[%emt 00:02:09]} Nxe4 {[%clk 00:36:04]} {[%emt 00:01:11]} 36. fxe4 {[%clk
00:08:18]} {[%emt 00:01:04]} Rc8 {[%clk 00:35:07]} {[%emt 00:01:26]} 37. Rc1
{[%clk 00:08:40]} {[%emt 00:00:08]} Qe6 {[%clk 00:34:54]} {[%emt 00:00:44]} 38.
Bb6 {[%clk 00:07:48]} {[%emt 00:01:22]} Bd6 {[%clk 00:33:53]} {[%emt 00:01:31]}
39. Qd3 {[%clk 00:04:01]} {[%emt 00:04:17]} Kh7 {[%clk 00:33:44]} {[%emt
00:00:38]} 40. a4 {[%clk 00:01:17]} {[%emt 00:03:14]} Bxb4 {[%clk 00:31:59]}
{[%emt 00:02:16]} 41. axb5 {[%clk 00:29:10]} {[%emt 00:02:37]} axb5 {[%clk
01:02:21]} {[%emt 00:00:08]} 42. Qxb5 {[%clk 00:28:39]} {[%emt 00:01:00]} Bd6
{[%clk 01:01:26]} {[%emt 00:01:25]} 43. c7 {[%clk 00:27:41]} {[%emt 00:01:28]}
Be7 {[%clk 00:58:52]} {[%emt 00:03:04]} 44. Rc6 {[%clk 00:22:19]} {[%emt
00:05:52]} Qa2 {[%clk 00:57:54]} {[%emt 00:01:29]} 45. Qxe5 {[%clk 00:21:34]}
{[%emt 00:01:14]} Qa8 {[%clk 00:58:09]} {[%emt 00:00:15]} 46. Rc1 {[%clk
00:20:03]} {[%emt 00:02:00]} Bf6 {[%clk 00:57:57]} {[%emt 00:00:42]} 47. Qf5+
{[%clk 00:19:58]} {[%emt 00:00:34]} Kg8 {[%clk 00:58:03]} {[%emt 00:00:25]} 48.
Kh1 {[%clk 00:16:21]} {[%emt 00:04:07]} Bg5 {[%clk 00:57:47]} {[%emt 00:00:47]}
49. Rd1 {[%clk 00:15:02]} {[%emt 00:01:48]} Qb7 {[%clk 00:56:35]} {[%emt
00:01:42]} 50. Qxc8+ {[%clk 00:14:38]} {[%emt 00:00:54]} Qxc8 {[%clk 00:56:59]}
{[%emt 00:00:07]} 51. Rd8+ {[%clk 00:15:03]} {[%emt 00:00:04]} 1-0

[Event "DVM U14 2023"]
[Site "Magdeburg GER"]
[Date "2023.12.28"]
[Round "4"]
[White "Burlutskaia, Maria"]
[Black "Malinowsky, Levi"]
[Result "0-1"]
[Termination "normal"]
[Board "1.2"]
[WhiteElo "1771"]
[BlackElo "2046"]
[WhiteClock "00:33:10"]
[BlackClock "00:37:42"]
[WhiteTeam "SG Porz"]
[BlackTeam "Lübecker SV 1873"]
[PlyCount "80"]
[WhiteFideId "34607137"]
[BlackFideId "16253094"]
[EventCountry "GER"]
[EventRounds "7"]
[EventType "team-swiss"]
[EventDate "2023.12.26"]

1. e4 {[%clk 01:30:58]} {[%emt 00:00:01]} c5 {[%clk 01:30:53]} {[%emt
00:00:06]} 2. Nc3 {[%clk 01:31:24]} {[%emt 00:00:05]} Nc6 {[%clk 01:31:18]}
{[%emt 00:00:05]} 3. f4 {[%clk 01:31:51]} {[%emt 00:00:03]} g6 {[%clk
01:31:42]} {[%emt 00:00:06]} 4. Nf3 {[%clk 01:32:16]} {[%emt 00:00:05]} Bg7
{[%clk 01:32:04]} {[%emt 00:00:07]} 5. Bb5 {[%clk 01:32:44]} {[%emt 00:00:03]}
Nd4 {[%clk 01:32:24]} {[%emt 00:00:10]} 6. O-O {[%clk 01:33:08]} {[%emt
00:00:06]} Nxb5 {[%clk 01:30:37]} {[%emt 00:02:17]} 7. Nxb5 {[%clk 01:33:31]}
{[%emt 00:00:07]} d5 {[%clk 01:30:36]} {[%emt 00:00:31]} 8. e5 {[%clk
01:33:56]} {[%emt 00:00:05]} d4 {[%clk 01:30:13]} {[%emt 00:00:53]} 9. a4
{[%clk 01:33:20]} {[%emt 00:01:06]} Nh6 {[%clk 01:27:33]} {[%emt 00:03:10]} 10.
d3 {[%clk 01:31:55]} {[%emt 00:01:55]} O-O {[%clk 01:23:59]} {[%emt 00:04:04]}
11. Bd2 {[%clk 01:29:43]} {[%emt 00:02:42]} f6 {[%clk 01:17:08]} {[%emt
00:07:21]} 12. Qe2 {[%clk 01:25:46]} {[%emt 00:04:26]} Nf7 {[%clk 01:15:17]}
{[%emt 00:02:21]} 13. h3 {[%clk 01:19:43]} {[%emt 00:06:33]} a6 {[%clk
01:12:02]} {[%emt 00:03:46]} 14. Na3 {[%clk 01:20:06]} {[%emt 00:00:07]} b6
{[%clk 01:09:24]} {[%emt 00:03:08]} 15. b4 {[%clk 01:17:34]} {[%emt 00:03:02]}
Bb7 {[%clk 01:05:09]} {[%emt 00:04:45]} 16. exf6 {[%clk 01:15:37]} {[%emt
00:02:27]} exf6 {[%clk 01:05:24]} {[%emt 00:00:14]} 17. Rfe1 {[%clk 01:13:28]}
{[%emt 00:02:40]} Re8 {[%clk 01:00:08]} {[%emt 00:05:45]} 18. Qxe8+ {[%clk
01:11:29]} {[%emt 00:02:30]} Qxe8 {[%clk 01:00:35]} {[%emt 00:00:03]} 19. Rxe8+
{[%clk 01:11:46]} {[%emt 00:00:12]} Rxe8 {[%clk 01:01:03]} {[%emt 00:00:02]}
20. Re1 {[%clk 01:12:07]} {[%emt 00:00:09]} Rxe1+ {[%clk 01:00:00]} {[%emt
00:01:34]} 21. Nxe1 {[%clk 01:12:05]} {[%emt 00:00:31]} Nd6 {[%clk 00:58:38]}
{[%emt 00:01:52]} 22. Kf2 {[%clk 01:11:12]} {[%emt 00:01:23]} Kf7 {[%clk
00:53:57]} {[%emt 00:05:10]} 23. Nf3 {[%clk 01:09:08]} {[%emt 00:02:35]} Ke6
{[%clk 00:53:11]} {[%emt 00:01:15]} 24. a5 {[%clk 01:07:16]} {[%emt 00:02:24]}
Bxf3 {[%clk 00:49:44]} {[%emt 00:03:56]} 25. Kxf3 {[%clk 01:07:14]} {[%emt
00:00:32]} cxb4 {[%clk 00:49:25]} {[%emt 00:00:50]} 26. Bxb4 {[%clk 01:07:31]}
{[%emt 00:00:14]} bxa5 {[%clk 00:45:58]} {[%emt 00:03:56]} 27. Bxa5 {[%clk
01:01:44]} {[%emt 00:06:16]} Kd5 {[%clk 00:43:34]} {[%emt 00:02:54]} 28. g4
{[%clk 00:58:57]} {[%emt 00:03:18]} f5 {[%clk 00:42:36]} {[%emt 00:01:27]} 29.
Ke2 {[%clk 00:52:42]} {[%emt 00:06:45]} Bf6 {[%clk 00:40:23]} {[%emt 00:02:42]}
30. g5 {[%clk 00:51:07]} {[%emt 00:02:06]} Be7 {[%clk 00:40:08]} {[%emt
00:00:45]} 31. Bd2 {[%clk 00:47:58]} {[%emt 00:03:40]} Bd8 {[%clk 00:39:27]}
{[%emt 00:01:08]} 32. c3 {[%clk 00:37:58]} {[%emt 00:10:33]} dxc3 {[%clk
00:38:31]} {[%emt 00:01:24]} 33. Bxc3 {[%clk 00:34:02]} {[%emt 00:04:27]} Nb5
{[%clk 00:38:17]} {[%emt 00:00:44]} 34. Nxb5 {[%clk 00:33:03]} {[%emt
00:01:30]} axb5 {[%clk 00:38:44]} {[%emt 00:00:02]} 35. Be5 {[%clk 00:33:09]}
{[%emt 00:00:25]} Bxg5 {[%clk 00:38:13]} {[%emt 00:01:01]} 36. Kd2 {[%clk
00:33:10]} {[%emt 00:00:29]} Be7 {[%clk 00:38:23]} {[%emt 00:00:19]} 37. Kc3
{[%clk 00:33:34]} {[%emt 00:00:07]} Bc5 {[%clk 00:37:50]} {[%emt 00:01:03]} 38.
Kb3 {[%clk 00:33:13]} {[%emt 00:00:51]} Bd6 {[%clk 00:37:12]} {[%emt 00:01:08]}
39. d4 {[%clk 00:32:46]} {[%emt 00:00:57]} Bxe5 {[%clk 00:37:21]} {[%emt
00:00:20]} 40. dxe5 {[%clk 00:33:10]} {[%emt 00:00:07]} g5 {[%clk 00:37:42]}
{[%emt 00:00:09]} 0-1

[Event "DVM U14 2023"]
[Site "Magdeburg GER"]
[Date "2023.12.28"]
[Round "4"]
[White "Engel, Bruno"]
[Black "Blomer, Moritz"]
[Result "1/2-1/2"]
[Termination "normal"]
[Board "1.3"]
[WhiteElo "1987"]
[BlackElo "1761"]
[WhiteClock "00:36:08"]
[BlackClock "00:56:40"]
[WhiteTeam "Lübecker SV 1873"]
[BlackTeam "SG Porz"]
[PlyCount "40"]
[WhiteFideId "34609008"]
[BlackFideId "34608370"]
[EventCountry "GER"]
[EventRounds "7"]
[EventType "team-swiss"]
[EventDate "2023.12.26"]

1. e4 {[%clk 01:30:51]} {[%emt 00:00:07]} c6 {[%clk 01:30:54]} {[%emt
00:00:07]} 2. d4 {[%clk 01:31:15]} {[%emt 00:00:06]} d5 {[%clk 01:31:18]}
{[%emt 00:00:06]} 3. exd5 {[%clk 01:31:39]} {[%emt 00:00:06]} cxd5 {[%clk
01:31:40]} {[%emt 00:00:07]} 4. Bd3 {[%clk 01:32:05]} {[%emt 00:00:04]} Nc6
{[%clk 01:32:01]} {[%emt 00:00:10]} 5. c3 {[%clk 01:32:30]} {[%emt 00:00:06]}
Nf6 {[%clk 01:32:14]} {[%emt 00:00:15]} 6. h3 {[%clk 01:32:54]} {[%emt
00:00:06]} g6 {[%clk 01:32:34]} {[%emt 00:00:11]} 7. Nf3 {[%clk 01:33:19]}
{[%emt 00:00:05]} Bf5 {[%clk 01:32:30]} {[%emt 00:00:34]} 8. O-O {[%clk
01:33:31]} {[%emt 00:00:18]} Bxd3 {[%clk 01:31:05]} {[%emt 00:01:54]} 9. Qxd3
{[%clk 01:33:53]} {[%emt 00:00:07]} Qb6 {[%clk 01:31:19]} {[%emt 00:00:17]} 10.
Nbd2 {[%clk 01:13:36]} {[%emt 00:20:47]} Bg7 {[%clk 01:30:17]} {[%emt
00:01:32]} 11. Re1 {[%clk 01:12:13]} {[%emt 00:01:53]} O-O {[%clk 01:29:05]}
{[%emt 00:01:41]} 12. b3 {[%clk 01:06:21]} {[%emt 00:06:23]} Nd7 {[%clk
01:18:46]} {[%emt 00:10:49]} 13. Bb2 {[%clk 01:00:15]} {[%emt 00:06:36]} e5
{[%clk 01:07:09]} {[%emt 00:12:06]} 14. Nxe5 {[%clk 00:57:42]} {[%emt
00:03:04]} Ndxe5 {[%clk 01:07:13]} {[%emt 00:00:26]} 15. dxe5 {[%clk 00:58:07]}
{[%emt 00:00:05]} Nxe5 {[%clk 01:07:25]} {[%emt 00:00:18]} 16. Qe3 {[%clk
00:50:03]} {[%emt 00:08:34]} Qa6 {[%clk 01:04:38]} {[%emt 00:03:16]} 17. c4
{[%clk 00:36:23]} {[%emt 00:14:11]} Nxc4 {[%clk 00:57:49]} {[%emt 00:07:19]}
18. Nxc4 {[%clk 00:35:56]} {[%emt 00:00:57]} dxc4 {[%clk 00:56:49]} {[%emt
00:01:30]} 19. Bxg7 {[%clk 00:36:19]} {[%emt 00:00:07]} Kxg7 {[%clk 00:57:01]}
{[%emt 00:00:18]} 20. Qc3+ {[%clk 00:36:08]} {[%emt 00:00:40]} Kg8 {[%clk
00:56:40]} {[%emt 00:00:52]} 1/2-1/2

[Event "DVM U14 2023"]
[Site "Magdeburg GER"]
[Date "2023.12.28"]
[Round "4"]
[White "Mohebbi, Sam"]
[Black "Petrow, Andre"]
[Result "0-1"]
[Termination "normal"]
[Board "1.4"]
[WhiteElo "1567"]
[BlackElo "1558"]
[WhiteClock "01:08:40"]
[BlackClock "00:06:20"]
[WhiteTeam "SG Porz"]
[BlackTeam "Lübecker SV 1873"]
[PlyCount "40"]
[WhiteFideId "34607293"]
[BlackFideId "34612815"]
[EventCountry "GER"]
[EventRounds "7"]
[EventType "team-swiss"]
[EventDate "2023.12.26"]

1. e4 {[%clk 01:30:57]} {[%emt 00:00:02]} e5 {[%clk 01:30:56]} {[%emt
00:00:04]} 2. Nf3 {[%clk 01:31:14]} {[%emt 00:00:14]} Nc6 {[%clk 01:31:05]}
{[%emt 00:00:21]} 3. Bc4 {[%clk 01:30:44]} {[%emt 00:00:59]} Bc5 {[%clk
01:30:29]} {[%emt 00:01:06]} 4. c3 {[%clk 01:29:37]} {[%emt 00:01:38]} Nf6
{[%clk 01:29:43]} {[%emt 00:01:16]} 5. d3 {[%clk 01:28:56]} {[%emt 00:01:11]}
h6 {[%clk 01:22:14]} {[%emt 00:07:58]} 6. a4 {[%clk 01:27:26]} {[%emt
00:02:01]} a6 {[%clk 01:13:40]} {[%emt 00:09:05]} 7. O-O {[%clk 01:26:18]}
{[%emt 00:01:36]} d6 {[%clk 00:53:13]} {[%emt 00:20:57]} 8. h3 {[%clk
01:23:54]} {[%emt 00:02:54]} O-O {[%clk 00:33:15]} {[%emt 00:20:28]} 9. d4
{[%clk 01:21:08]} {[%emt 00:03:16]} Ba7 {[%clk 00:26:13]} {[%emt 00:07:33]} 10.
Re1 {[%clk 01:20:21]} {[%emt 00:01:16]} Re8 {[%clk 00:21:27]} {[%emt 00:05:16]}
11. Qb3 {[%clk 01:17:24]} {[%emt 00:03:27]} Qe7 {[%clk 00:19:38]} {[%emt
00:02:20]} 12. dxe5 {[%clk 01:14:33]} {[%emt 00:03:21]} dxe5 {[%clk 00:16:38]}
{[%emt 00:03:29]} 13. Nbd2 {[%clk 01:14:35]} {[%emt 00:00:28]} Na5 {[%clk
00:12:51]} {[%emt 00:04:17]} 14. Qc2 {[%clk 01:14:50]} {[%emt 00:00:15]} Qc5
{[%clk 00:10:26]} {[%emt 00:02:54]} 15. b4 {[%clk 01:13:45]} {[%emt 00:01:36]}
Qxf2+ {[%clk 00:10:38]} {[%emt 00:00:18]} 16. Kh2 {[%clk 01:13:38]} {[%emt
00:00:38]} Nxc4 {[%emt 00:01:51]} 17. Rf1 {[%emt 00:00:35]} Ne3 {[%clk
00:07:50]} {[%emt 00:00:51]} 18. Ne1 {[%clk 01:08:13]} {[%emt 00:05:54]} Nxf1+
{[%clk 00:06:08]} {[%emt 00:02:12]} 19. Nxf1 {[%clk 01:08:36]} {[%emt
00:00:07]} Ng4+ {[%clk 00:06:20]} {[%emt 00:00:19]} 20. hxg4 {[%clk 01:08:40]}
{[%emt 00:00:26]} Qh4# {[%emt 00:00:02]} 0-1

[Event "DVM U14 2023"]
[Site "Magdeburg GER"]
[Date "2023.12.28"]
[Round "4"]
[White "Haubold, Christian"]
[Black "Nguyen, Leon"]
[Result "1-0"]
[Termination "normal"]
[Board "2.2"]
[WhiteElo "1990"]
[BlackElo "1750"]
[WhiteClock "00:52:45"]
[BlackClock "00:38:27"]
[WhiteTeam "USC Magdeburg"]
[BlackTeam "SF München"]
[PlyCount "47"]
[WhiteFideId "16259629"]
[BlackFideId "34645667"]
[EventCountry "GER"]
[EventRounds "7"]
[EventType "team-swiss"]
[EventDate "2023.12.26"]

1. e4 {[%clk 01:30:57]} {[%emt 00:00:02]} c5 {[%clk 01:30:57]} {[%emt
00:00:04]} 2. Nf3 {[%clk 01:31:19]} {[%emt 00:00:08]} d6 {[%clk 01:31:22]}
{[%emt 00:00:05]} 3. d4 {[%clk 01:31:37]} {[%emt 00:00:12]} cxd4 {[%clk
01:31:47]} {[%emt 00:00:05]} 4. Nxd4 {[%clk 01:31:51]} {[%emt 00:00:16]} Nf6
{[%clk 01:32:08]} {[%emt 00:00:09]} 5. Nc3 {[%clk 01:32:02]} {[%emt 00:00:19]}
a6 {[%clk 01:32:34]} {[%emt 00:00:05]} 6. Be3 {[%clk 01:30:39]} {[%emt
00:01:52]} e5 {[%clk 01:32:14]} {[%emt 00:00:51]} 7. Nb3 {[%clk 01:31:01]}
{[%emt 00:00:08]} Be7 {[%clk 01:32:29]} {[%emt 00:00:14]} 8. h3 {[%clk
01:30:51]} {[%emt 00:00:39]} b5 {[%clk 01:32:22]} {[%emt 00:00:38]} 9. Nd5
{[%clk 01:25:40]} {[%emt 00:05:41]} Nbd7 {[%clk 01:30:38]} {[%emt 00:02:13]}
10. Nxe7 {[%clk 01:22:17]} {[%emt 00:03:54]} Qxe7 {[%clk 01:31:01]} {[%emt
00:00:07]} 11. f3 {[%clk 01:21:00]} {[%emt 00:01:47]} O-O {[%clk 01:29:29]}
{[%emt 00:02:02]} 12. c4 {[%clk 01:14:27]} {[%emt 00:07:03]} bxc4 {[%clk
01:29:12]} {[%emt 00:00:47]} 13. Bxc4 {[%clk 01:14:41]} {[%emt 00:00:16]} Bb7
{[%clk 01:06:25]} {[%emt 00:23:18]} 14. Na5 {[%clk 01:10:20]} {[%emt 00:04:51]}
Nc5 {[%clk 00:56:38]} {[%emt 00:10:17]} 15. b4 {[%clk 01:06:02]} {[%emt
00:04:47]} Qc7 {[%clk 00:52:44]} {[%emt 00:04:23]} 16. O-O {[%clk 01:03:57]}
{[%emt 00:02:36]} Rad8 {[%clk 00:52:33]} {[%emt 00:00:40]} 17. Rc1 {[%clk
00:59:32]} {[%emt 00:04:55]} Ba8 {[%clk 00:44:31]} {[%emt 00:08:33]} 18. Qd2
{[%clk 00:57:01]} {[%emt 00:03:01]} Nb7 {[%clk 00:40:32]} {[%emt 00:04:29]} 19.
Bxa6 {[%clk 00:55:44]} {[%emt 00:01:47]} Qd7 {[%clk 00:39:55]} {[%emt
00:01:07]} 20. Bxb7 {[%clk 00:52:51]} {[%emt 00:03:23]} Bxb7 {[%clk 00:40:16]}
{[%emt 00:00:08]} 21. Bb6 {[%clk 00:52:03]} {[%emt 00:01:18]} Ba6 {[%clk
00:38:29]} {[%emt 00:02:17]} 22. Bxd8 {[%clk 00:52:15]} {[%emt 00:00:19]} Bxf1
{[%clk 00:38:58]} {[%emt 00:00:01]} 23. Bxf6 {[%clk 00:52:34]} {[%emt
00:00:12]} Bb5 {[%clk 00:38:27]} {[%emt 00:01:00]} 24. Qg5 {[%clk 00:52:45]}
{[%emt 00:00:18]} 1-0

[Event "DVM U14 2023"]
[Site "Magdeburg GER"]
[Date "2023.12.28"]
[Round "4"]
[White "Merenda, Lukas-Benedikt"]
[Black "Kuhlmann, Nils Magnus"]
[Result "1/2-1/2"]
[Termination "normal"]
[Board "2.3"]
[WhiteElo "1707"]
[BlackElo "1629"]
[WhiteClock "00:18:31"]
[BlackClock "00:25:10"]
[WhiteTeam "SF München"]
[BlackTeam "USC Magdeburg"]
[PlyCount "85"]
[WhiteFideId "34603336"]
[BlackFideId "16287177"]
[EventCountry "GER"]
[EventRounds "7"]
[EventType "team-swiss"]
[EventDate "2023.12.26"]

1. e4 {[%clk 01:30:58]} {[%emt 00:00:02]} c6 {[%clk 01:30:45]} {[%emt
00:00:16]} 2. d4 {[%clk 01:31:23]} {[%emt 00:00:05]} d5 {[%clk 01:30:59]}
{[%emt 00:00:16]} 3. exd5 {[%clk 01:31:45]} {[%emt 00:00:08]} cxd5 {[%clk
01:31:05]} {[%emt 00:00:24]} 4. Bd3 {[%clk 01:32:06]} {[%emt 00:00:08]} Nc6
{[%clk 01:30:48]} {[%emt 00:00:47]} 5. c3 {[%clk 01:32:29]} {[%emt 00:00:07]}
Qc7 {[%clk 01:30:39]} {[%emt 00:00:39]} 6. h3 {[%clk 01:31:15]} {[%emt
00:01:44]} g6 {[%clk 01:29:51]} {[%emt 00:01:19]} 7. Nf3 {[%clk 01:31:17]}
{[%emt 00:00:28]} Bf5 {[%clk 01:28:42]} {[%emt 00:01:39]} 8. O-O {[%clk
01:30:31]} {[%emt 00:01:16]} e6 {[%clk 01:28:01]} {[%emt 00:01:10]} 9. Re1
{[%clk 01:26:07]} {[%emt 00:04:53]} Bd6 {[%clk 01:25:56]} {[%emt 00:02:36]} 10.
Na3 {[%clk 01:25:19]} {[%emt 00:01:18]} a6 {[%clk 01:21:28]} {[%emt 00:04:58]}
11. Nc2 {[%clk 01:23:10]} {[%emt 00:02:39]} Nf6 {[%clk 01:12:30]} {[%emt
00:09:28]} 12. Ne3 {[%clk 01:02:15]} {[%emt 00:21:25]} Be4 {[%clk 01:08:17]}
{[%emt 00:04:42]} 13. Nf1 {[%clk 00:55:11]} {[%emt 00:07:35]} h6 {[%clk
01:03:44]} {[%emt 00:05:04]} 14. Bxe4 {[%clk 00:50:55]} {[%emt 00:04:46]} Nxe4
{[%clk 01:04:04]} {[%emt 00:00:08]} 15. N1d2 {[%clk 00:50:23]} {[%emt
00:01:04]} f5 {[%clk 00:56:47]} {[%emt 00:07:47]} 16. Nxe4 {[%clk 00:44:54]}
{[%emt 00:05:58]} dxe4 {[%clk 00:54:38]} {[%emt 00:02:38]} 17. Nd2 {[%clk
00:44:57]} {[%emt 00:00:29]} O-O-O {[%clk 00:47:10]} {[%emt 00:07:57]} 18. a4
{[%clk 00:41:30]} {[%emt 00:03:56]} a5 {[%clk 00:43:54]} {[%emt 00:03:48]} 19.
Qb3 {[%clk 00:38:27]} {[%emt 00:03:32]} Rde8 {[%clk 00:41:54]} {[%emt
00:02:30]} 20. Nc4 {[%clk 00:36:00]} {[%emt 00:02:57]} g5 {[%clk 00:40:24]}
{[%emt 00:02:01]} 21. Nxd6+ {[%clk 00:27:54]} {[%emt 00:08:35]} Qxd6 {[%emt
00:00:17]} 22. Qc4 {[%clk 00:28:13]} {[%emt 00:00:09]} Qd5 {[%clk 00:40:21]}
{[%emt 00:00:48]} 23. Qb5 {[%clk 00:26:57]} {[%emt 00:01:46]} Rhg8 {[%clk
00:35:51]} {[%emt 00:05:01]} 24. Be3 {[%clk 00:18:00]} {[%emt 00:09:26]} Qd6
{[%clk 00:25:10]} {[%emt 00:11:11]} 25. Rad1 {[%clk 00:16:10]} {[%emt
00:02:20]} Rd8 {[%clk 00:24:41]} {[%emt 00:01:00]} 26. d5 {[%clk 00:14:01]}
{[%emt 00:02:39]} exd5 {[%clk 00:20:45]} {[%emt 00:04:25]} 27. Bb6 {[%clk
00:13:40]} {[%emt 00:00:51]} Rd7 {[%clk 00:21:00]} {[%emt 00:00:15]} 28. Bxa5
{[%clk 00:10:14]} {[%emt 00:03:55]} Rg6 {[%clk 00:18:08]} {[%emt 00:03:23]} 29.
Bb6 {[%clk 00:07:48]} {[%emt 00:02:56]} Ne5 {[%clk 00:15:25]} {[%emt 00:03:13]}
30. a5 {[%clk 00:07:16]} {[%emt 00:01:03]} Nc4 {[%clk 00:13:14]} {[%emt
00:02:40]} 31. Bc5 {[%clk 00:06:19]} {[%emt 00:01:27]} Qa6 {[%clk 00:11:35]}
{[%emt 00:02:10]} 32. Qb3 {[%clk 00:03:44]} {[%emt 00:03:05]} Nxa5 {[%clk
00:06:02]} {[%emt 00:06:03]} 33. Qc2 {[%clk 00:02:56]} {[%emt 00:01:18]} Qb5
{[%clk 00:05:59]} {[%emt 00:00:33]} 34. b4 {[%clk 00:01:41]} {[%emt 00:01:45]}
Nc4 {[%clk 00:03:29]} {[%emt 00:02:59]} 35. Qe2 {[%clk 00:01:13]} {[%emt
00:00:58]} b6 {[%clk 00:02:35]} {[%emt 00:01:25]} 36. Bd4 {[%clk 00:01:17]}
{[%emt 00:00:26]} Qc6 {[%clk 00:02:54]} {[%emt 00:00:11]} 37. Qa2 {[%clk
00:01:09]} {[%emt 00:00:37]} Kb8 {[%emt 00:00:52]} 38. Qe2 {[%clk 00:00:47]}
{[%emt 00:00:48]} Ra7 {[%clk 00:02:02]} {[%emt 00:01:04]} 39. Ra1 {[%clk
00:01:01]} {[%emt 00:00:16]} Rxa1 {[%clk 00:01:14]} {[%emt 00:01:19]} 40. Rxa1
{[%clk 00:01:30]} Re6 {[%clk 00:01:43]} 41. Qh5 {[%clk 00:22:46]} {[%emt
00:09:15]} Re7 {[%clk 00:28:28]} {[%emt 00:03:44]} 42. h4 {[%clk 00:21:43]}
{[%emt 00:01:34]} Nd2 {[%clk 00:25:10]} {[%emt 00:03:47]} 43. Qd1 {[%clk
00:18:31]} {[%emt 00:03:42]} 1/2-1/2